International Business Research Traditional and Creative Approaches
Salvato in:
| Altri autori: | |
|---|---|
| Natura: | Libro |
| Lingua: | inglese |
| Pubblicazione: |
London
IntechOpen
2025
|
| Edizione: | 1st Edition |
| Soggetti: | |
| Tags: |
Nessun Tag, puoi essere il primo ad aggiungerne!!
|
MARC
| LEADER | 00000nlm a2200000 4500 | ||
|---|---|---|---|
| 001 | 0313114 | ||
| 005 | 20251110101534.1 | ||
| 020 | |a 978-0-85466-799-4 | ||
| 022 | |a 2753-894X | ||
| 041 | 0 | |a eng | |
| 044 | |a GB | ||
| 245 | 1 | 0 | |a International Business Research |b Traditional and Creative Approaches |c Edited by: Mária Barteková |
| 250 | |a 1st Edition | ||
| 264 | 1 | |a London |b IntechOpen |c 2025 | |
| 300 | |a 148 s. [10,8 AH] | ||
| 610 | 2 | 0 | |a obchod medzinárodný |
| 610 | 2 | 0 | |a výskum |
| 610 | 2 | 0 | |a internacionalizácia |
| 610 | 2 | 0 | |a výkonnosť podniku |
| 610 | 2 | 0 | |a pohyb síl pracovných medzinárodný |
| 610 | 2 | 0 | |a udržateľnosť |
| 610 | 2 | 0 | |a hospodárstvo obehové |
| 700 | 1 | |a Barteková, Mária, 1992- | |